000 00782nam a2200229Ia 4500
001 18108
003 GE_BSU
008 181216s||||||||xx |||||||||||||| ||und||
020 _a99928-77-93-6
040 _cGE_BSU
080 _a81'374.822=352.2=353.1
100 _aგვანცელაძე, თეიმურაზ
245 _aმცირე აფხაზურ-ქართული ლექსიკონი
245 _cრედ.: ქ. ლომთათიძე
260 _aთბილისი
260 _bთბილ. უნ-ტის გამ-ბა
260 _c2000
300 _a172გვ. ; 20სმ.
541 _h5ლ.
653 _aმცირე აფხაზურ-ქართული ლექსიკონი
942 _cBK
999 _c51150
_d51150